[Event "13th Moscow Open A 2017"]
[Site "masterchessopen.com Moscow RUS"]
[Date "2017.02.03"]
[Round "7.14"]
[White "Savitskiy,S"]
[Black "Atabayev,M"]
[Result "0-1"]
[WhiteElo "2415"]
[BlackElo "2492"]

1. e4 c5 2. Nf3 Nc6 3. d4 cxd4 4. Nxd4 g6 5. Nc3 Bg7 6. Be3 Nf6 7. Bc4 Qa5 8.
O-O O-O 9. Bb3 d6 10. f3 Bd7 11. Qd2 Rfc8 12. Rad1 Ne5 13. Qe2 Qa6 14. Qxa6
bxa6 15. f4 Nc4 16. Bc1 Be8 17. Rfe1 Nd7 18. Nd5 Kf8 19. f5 Ndb6 20. Bg5 Nxd5
21. exd5 Ne5 22. fxg6 hxg6 23. Re4 Rc7 24. c3 Rb8 25. Rf1 Kg8 26. Nf3 a5 27.
Nxe5 Bxe5 28. Bc1 Rcb7 29. Ba4 Bb5 30. Bxb5 Rxb5 31. Rd1 Rxb2 32. Bxb2 Rxb2
33. a4 f5 34. Rc4 Kf7 35. g3 Kf6 36. Rc7 Ra2 37. Rb1 Rxa4 38. Rbb7 Kg5 39.
Rxe7 Bxc3 40. Kg2 Ra2+ 41. Kh1 Bd4 42. Re6 a4 43. Rxd6 a3 44. Ra6 Rb2 45. Rc7
a2 46. Rcc6 Bb6 {#R} 0-1

[Event "Gibraltar Masters 2017"]
[Site "masterchessopen.com Caleta ENG"]
[Date "2017.02.01"]
[Round "9.48"]
[White "Javakhishvili,L"]
[Black "Saravanan,V1"]
[Result "1-0"]
[WhiteElo "2455"]
[BlackElo "2306"]

1. d4 Nf6 2. c4 g6 3. Nc3 Bg7 4. e4 d6 5. Nf3 O-O 6. Be2 c5 7. O-O cxd4 8.
Nxd4 Nc6 9. Be3 Bd7 10. Qd2 Nxd4 11. Bxd4 Bc6 12. f3 a5 13. b3 Nd7 14. Be3 Nc5
15. Rab1 Qb6 16. Rfc1 Rfc8 17. Rc2 Qd8 18. Bf1 h5 19. g3 Kh7 20. Bh3 e6 21.
Bg2 Qe7 22. Rd1 Rd8 23. Ne2 b6 24. Nc3 Rd7 25. Bg5 Bf6 26. Bxf6 Qxf6 27. Qe3
Rad8 28. Rcd2 Kg7 29. Ne2 Kh7 30. Bh3 Bb7 31. Nd4 Qe7 32. a3 f5 33. b4 axb4
34. axb4 Na6 35. Re1 Qf6 36. exf5 exf5 37. Ne6 Rb8 38. Qf4 Qc3 39. Rde2 Rc8
40. Bxf5 gxf5 41. Qxf5+ Kh8 42. Ng5 {#r} 1-0

[Event "13th Moscow Open A 2017"]
[Site "masterchessopen.com Moscow RUS"]
[Date "2017.01.31"]
[Round "4.1"]
[White "Grachev,B"]
[Black "Tsydypov,Z"]
[Result "1-0"]
[WhiteElo "2650"]
[BlackElo "2468"]

1. c4 g6 2. Nf3 Bg7 3. d4 c5 4. e4 cxd4 5. Nxd4 Nc6 6. Be3 Nf6 7. Nc3 d6 8.
Be2 O-O 9. O-O Nxd4 10. Bxd4 Bd7 11. Qd3 a5 12. Rad1 Bc6 13. h3 a4 14. Qe3 Nd7
15. Bxg7 Kxg7 16. Qd4+ Nf6 17. e5 dxe5 18. Qxe5 Qb6 19. Nd5 Qc5 20. b4 axb3
21. axb3 Rad8 22. b4 Qd6 23. Qxd6 exd6 24. Nb6 Rfe8 25. Rfe1 Kf8 26. f3 Re6
27. b5 Be8 28. Kf2 Nd7 29. Nd5 Nc5 30. h4 Re5 31. f4 Re4 32. g3 Kg7 33. Nb6
Bd7 34. Rxd6 Re6 35. Rxe6 Bxe6 36. Rd1 Re8 37. Bf3 h5 38. Rd2 Bf5 39. Re2 Rd8
40. Bd5 Be6 41. Ke3 Rd6 42. Kd4 Nb3+ 43. Kc3 Nc5 44. Kb4 {#r} 1-0

[Event "Portugal Open 2017"]
[Site "masterchessopen.com Lisbon POR"]
[Date "2017.02.05"]
[Round "4.21"]
[White "Martin Duque,J"]
[Black "Veiga,Jose Francisco R P Neves"]
[Result "1-0"]
[WhiteElo "2312"]
[BlackElo "2069"]

1. e4 c5 2. Nf3 Nc6 3. d4 cxd4 4. Nxd4 g6 5. c4 Bg7 6. Be3 Nf6 7. Nc3 O-O 8.
Be2 d6 9. O-O Nxd4 10. Bxd4 Bd7 11. Qd3 a5 12. b3 Bc6 13. a3 Nd7 14. Bxg7 Kxg7
15. b4 axb4 16. axb4 b6 17. f4 Qc7 18. Rac1 Rfc8 19. Bg4 Kg8 20. Bxd7 Qxd7 21.
f5 f6 22. Nd5 Bxd5 23. Qxd5+ Kg7 24. fxg6 hxg6 25. e5 Ra7 26. exf6+ exf6 27.
Qd4 Qd8 28. Rc3 Rf7 29. Rg3 Qe7 30. Qg4 Rh8 31. Qxg6+ Kf8 32. Ra3 Qd8 33. Raf3
Rg8 34. Qh6+ {#r} 1-0

[Event "PRO League Eastern 2017"]
[Site "masterchessopen.com chess.com INT"]
[Date "2017.02.01"]
[Round "4"]
[White "Romanov,E"]
[Black "Derbenev,A"]
[Result "1-0"]
[WhiteElo "2644"]
[BlackElo "2376"]

1. Nf3 Nf6 2. c4 g6 3. Nc3 Bg7 4. e4 O-O 5. d4 c5 6. Be2 cxd4 7. Nxd4 Nc6 8.
Be3 d6 9. O-O Nxd4 10. Bxd4 Nd7 11. Bxg7 Kxg7 12. Qd4+ Kg8 13. Nd5 Nc5 14. f4
Bd7 15. b4 Ne6 16. Qe3 Nc7 17. Nc3 a5 18. b5 f6 19. f5 Be8 20. Rad1 Bf7 21. c5
g5 22. e5 fxe5 23. Qxg5+ Kh8 24. f6 exf6 25. Qxf6+ Qxf6 26. Rxf6 d5 27. b6 Ne8
28. Rf5 d4 29. Ne4 Ng7 30. Rxe5 Bxa2 31. Nd6 Rfb8 32. Nxb7 Rxb7 33. Bf3 Rab8
34. Bxb7 Rxb7 35. Rxd4 Ne6 36. Ra4 Bb3 37. Rxa5 Rb8 38. Rb5 {#r} 1-0

[Event "Gibraltar Masters 2017"]
[Site "masterchessopen.com Caleta ENG"]
[Date "2017.01.30"]
[Round "7.87"]
[White "Gluhovsky,Mark"]
[Black "Byron,A"]
[Result "1-0"]
[WhiteElo "2263"]
[BlackElo "2110"]

1. e4 c5 2. Nf3 e6 3. g3 Nc6 4. Bg2 g6 5. O-O Bg7 6. c3 Nge7 7. d4 cxd4 8.
cxd4 d5 9. e5 O-O 10. Nc3 Bd7 11. h4 b5 12. Bf4 b4 13. Na4 Na5 14. Nc5 Bb5 15.
Re1 Rb8 16. h5 Nb7 17. Nxb7 Rxb7 18. Qd2 b3 19. axb3 Qb6 20. Bh6 Nc6 21. Bxg7
Kxg7 22. Bh3 Ne7 23. Kg2 Ng8 24. Nh2 Bd7 25. Re3 Rc8 26. Rf3 Qd8 27. Ng4 Bb5
28. Rh1 Rbc7 29. hxg6 hxg6 30. Nf6 Rc2 31. Bxe6 Kf8 32. Qb4+ {#r} 1-0

[Event "Portugal Open 2017"]
[Site "masterchessopen.com Lisbon POR"]
[Date "2017.02.05"]
[Round "3.8"]
[White "Grigoryan,K2"]
[Black "Martin Duque,J"]
[Result "1-0"]
[WhiteElo "2561"]
[BlackElo "2312"]

1. e4 c5 2. Nf3 e6 3. Nc3 Nc6 4. Bb5 Nge7 5. O-O a6 6. Bxc6 Nxc6 7. d4 cxd4 8.
Nxd4 Qc7 9. Re1 Bd6 10. Nxc6 bxc6 11. f4 O-O 12. e5 Be7 13. f5 exf5 14. Bf4
Qb6+ 15. Kh1 Qxb2 16. Re3 Qb4 17. Ne2 Qc4 18. Nd4 d5 19. Rh3 g6 20. Rb1 Bc5
21. c3 a5 22. Qe1 Be7 23. e6 fxe6 24. Nxe6 Rf7 25. Nd4 Bd7 26. Re3 Bf6 27. Rb7
Bxd4 28. cxd4 Raf8 29. Bh6 f4 30. Re2 f3 31. gxf3 Qa6 32. Rxd7 Rxd7 33. Re8
Qf1+ 34. Qxf1 Rxe8 35. Qa6 {#r} 1-0

[Event "Portugal Open 2017"]
[Site "masterchessopen.com Lisbon POR"]
[Date "2017.02.05"]
[Round "3.15"]
[White "Ferreira,Luis Pedro"]
[Black "Galego,L"]
[Result "0-1"]
[WhiteElo "2117"]
[BlackElo "2478"]

1. e4 c5 2. Nc3 a6 3. g3 b5 4. Bg2 Bb7 5. d3 e6 6. Nf3 d6 7. O-O Be7 8. Qe2 b4
9. Nd1 Nf6 10. Ne3 Nc6 11. h4 h6 12. Bd2 a5 13. a3 O-O 14. a4 Rc8 15. c3 bxc3
16. bxc3 Ba6 17. Nc4 Nxe4 18. Qxe4 d5 19. Qe2 dxc4 20. dxc4 Bf6 21. Rfd1 Qe7
22. g4 Bxh4 23. Nxh4 Qxh4 24. Rab1 Qe7 25. Bf4 Rfd8 26. Rb6 Bxc4 27. Rxd8+
Qxd8 28. Qxc4 Qxb6 29. Qb5 Qxb5 30. axb5 Nb8 31. Bb7 Rd8 32. Bc7 Rd7 33. b6 a4
34. Bc8 a3 35. Bxd7 Nxd7 {#R} 0-1

[Event "Portugal Open 2017"]
[Site "masterchessopen.com Lisbon POR"]
[Date "2017.02.05"]
[Round "4.18"]
[White "Ferreira,Luis Pedro"]
[Black "Akshat,Kh"]
[Result "0-1"]
[WhiteElo "2117"]
[BlackElo "2361"]

1. e4 c5 2. Nc3 a6 3. g3 b5 4. Bg2 Bb7 5. d3 e6 6. Nf3 d6 7. O-O Be7 8. Qe2 b4
9. Nd1 Nc6 10. h4 Nf6 11. Ne3 O-O 12. Bd2 a5 13. a4 Ba6 14. g4 Nxe4 15. Bc1 d5
16. g5 Nd6 17. h5 Nd4 18. Nxd4 cxd4 19. h6 dxe3 20. hxg7 Kxg7 21. Qxe3 Nf5 22.
Qe5+ Kg8 23. Bh3 Qd6 24. Qe1 Ng7 25. f4 f6 26. gxf6 Rxf6 27. Be3 d4 {#R} 0-1

[Event "ITT Rosario 1 2017"]
[Site "masterchessopen.com Rosario ARG"]
[Date "2017.01.31"]
[Round "3.2"]
[White "Munoz,Francisco Javier"]
[Black "Contin,D"]
[Result "0-1"]
[WhiteElo "2279"]
[BlackElo "2231"]

1. e4 e6 2. d3 c5 3. Nf3 Nc6 4. g3 g6 5. Bg5 Qc7 6. Bg2 Bg7 7. c3 d6 8. O-O e5
9. Na3 Be6 10. Nd2 Qd7 11. Ndc4 Nge7 12. Nb5 O-O 13. Be3 a6 14. Nba3 Qc7 15.
Nd2 b6 16. Nc2 d5 17. exd5 Nxd5 18. Ne4 h6 19. c4 Nde7 20. Rb1 f5 21. Nc3 Rad8
22. Qe2 Nd4 23. Bxd4 cxd4 24. Nd1 e4 25. Na3 b5 26. Rc1 Qc5 27. dxe4 f4 28.
Re1 f3 29. Bxf3 d3 30. Qe3 d2 {#R} 0-1

[Event "4th Floripa Masters 2017"]
[Site "masterchessopen.com Florianopolis BRA"]
[Date "2017.01.31"]
[Round "7.3"]
[White "Guimaraes,D"]
[Black "Molina,Rob"]
[Result "0-1"]
[WhiteElo "2219"]
[BlackElo "2440"]

1. e4 c5 2. Nf3 e6 3. g3 Nc6 4. Bg2 Nf6 5. Qe2 d5 6. exd5 Nxd5 7. O-O Be7 8.
d3 O-O 9. c4 Nc7 10. Nc3 f5 11. h4 h6 12. Re1 Bf6 13. Bf4 g5 14. hxg5 hxg5 15.
Be5 Bd7 16. Bxf6 Qxf6 17. Ne5 Nd4 18. Qd2 Bc6 19. f4 gxf4 20. gxf4 Rf7 21.
Nxc6 bxc6 22. Re3 Rg7 23. Ne2 Kf7 24. Rf1 Rag8 25. Rf2 Ne8 26. Qa5 Nc2 27.
Qxa7+ Qe7 28. Qxe7+ Kxe7 29. Re5 Nf6 30. Nc3 Nd4 31. Re1 Ng4 32. Rd2 Nh2 33.
Kxh2 Nf3+ {#R} 0-1

[Event "22nd HIT Open 2017"]
[Site "masterchessopen.com Nova Gorica SLO"]
[Date "2017.01.29"]
[Round "5.12"]
[White "Berke,A"]
[Black "Srebrnic,M"]
[Result "0-1"]
[WhiteElo "2195"]
[BlackElo "2373"]

1. e4 c5 2. Nf3 e6 3. c4 a6 4. Nc3 Qc7 5. Be2 Nf6 6. O-O d6 7. d4 cxd4 8. Nxd4
b6 9. Be3 Bb7 10. f3 Be7 11. Rc1 Nbd7 12. Qd2 O-O 13. a3 Rac8 14. b4 Qb8 15.
Kh1 Bd8 16. Rc2 Bc7 17. Bg1 Rfe8 18. Rb1 d5 19. cxd5 Bf4 20. Qd1 exd5 21. exd5
Qe5 22. Nc6 Bxc6 23. dxc6 Rxc6 24. Ne4 Nxe4 25. fxe4 Rd6 26. Qf1 Rh6 27. Bc4
Nf6 28. Bxb6 Nxe4 29. Bf2 Rxh2+ 30. Kg1 Rh1+ {#R} 0-1

[Event "25th Fajr Open 2017"]
[Site "masterchessopen.com Sareyn IRI"]
[Date "2017.01.30"]
[Round "4.2"]
[White "Simonian,H"]
[Black "Korneev,O"]
[Result "0-1"]
[WhiteElo "2445"]
[BlackElo "2598"]

1. e4 c5 2. Nc3 e6 3. Nf3 a6 4. g3 b5 5. d4 cxd4 6. Nxd4 Bb7 7. Bg2 Nf6 8. a3
Qc7 9. O-O d6 10. Re1 Nbd7 11. a4 b4 12. Na2 Nc5 13. f3 e5 14. Nf5 a5 15. c4
h6 16. b3 g6 17. Ne3 h5 18. Nd5 Nxd5 19. cxd5 Ba6 20. Bf1 Bxf1 21. Rxf1 Rc8
22. Be3 Bh6 23. Bxh6 Rxh6 24. Nc1 Kf8 25. Nd3 Kg7 26. Rc1 Qa7 27. Kg2 h4 28.
Nxc5 h3+ 29. Kh1 Rxc5 30. Rxc5 Qxc5 31. Qd2 Rh8 32. Rc1 Qd4 33. Qxd4 exd4 34.
Kg1 f5 35. exf5 gxf5 36. Kf2 Re8 37. f4 Re3 38. Rc7+ Kf8 39. Ra7 Re4 40. Ra8+
Ke7 41. Rc8 d3 42. Rc1 Re2+ 43. Kf3 Rxh2 44. Rd1 Rb2 45. Rxd3 Rb1 46. Rd2
Rxb3+ 47. Kf2 Rc3 {#R} 0-1

[Event "Turkish Cup 2017"]
[Site "masterchessopen.com Antalya TUR"]
[Date "2017.02.03"]
[Round "10.19"]
[White "Kesgin,Halit Kaan"]
[Black "Aytekin,Murat Eren"]
[Result "1-0"]
[WhiteElo "2127"]
[BlackElo "2023"]

1. e4 c5 2. Nf3 e6 3. b3 a6 4. Bb2 Nc6 5. Nc3 d6 6. Qe2 b5 7. O-O-O b4 8. Nb1
Nf6 9. d4 cxd4 10. Nxd4 Nxd4 11. Rxd4 e5 12. Rd1 Qc7 13. Nd2 Be6 14. f3 Be7
15. Nc4 O-O 16. Qd2 Rfc8 17. Kb1 Ne8 18. h4 a5 19. Ne3 a4 20. Bc4 Ra5 21. Bxe6
fxe6 22. Qxb4 axb3 23. axb3 Rca8 24. Kc1 d5 25. Qc3 Qb7 26. Qxe5 Qb6 27. Nxd5
exd5 28. Qxe7 Qe3+ 29. Kb1 Qe2 30. Qe6+ Kh8 31. exd5 {#r} 1-0

[Event "PRO League Pacific 2017"]
[Site "masterchessopen.com chess.com INT"]
[Date "2017.02.01"]
[Round "4"]
[White "Boros,De"]
[Black "Hua,D"]
[Result "1-0"]
[WhiteElo "2444"]
[BlackElo "2285"]

1. e4 c5 2. Nf3 e6 3. Be2 d6 4. O-O Nd7 5. Re1 Ngf6 6. Bf1 Qc7 7. c3 Be7 8. d4
a6 9. Bg5 b5 10. a4 bxa4 11. Rxa4 Bb7 12. Nbd2 Nb6 13. Ra1 O-O 14. Bd3 c4 15.
Bc2 e5 16. Nf1 h6 17. Bd2 Rfe8 18. h3 Bf8 19. Ng3 g6 20. d5 a5 21. Be3 Reb8
22. Qd2 Kh7 23. Nh4 Nbd7 24. Rf1 Bg7 25. Kh1 Ba6 26. Rab1 Nc5 27. f4 Nd3 28.
fxe5 Nxe5 29. Bd4 Re8 30. Ba4 Re7 31. Rf2 Nfd7 32. Ngf5 gxf5 33. Nxf5 Nf8 34.
Nxg7 Kxg7 35. Qf4 Nfg6 36. Qg3 Kh7 37. Rbf1 Nd3 38. Rf6 Nde5 39. h4 Rg8 40. h5
Nf8 41. Rxh6+ Kxh6 42. Qxg8 {#r} 1-0

[Event "TCh-HUN 2016-17"]
[Site "masterchessopen.com Hungary HUN"]
[Date "2017.01.29"]
[Round "5.5"]
[White "Meszaros,T"]
[Black "Izsak,Gyu"]
[Result "0-1"]
[WhiteElo "2408"]
[BlackElo "2430"]

1. e4 c5 2. Nf3 e6 3. c4 Nc6 4. Nc3 e5 5. d3 d6 6. a3 f5 7. b4 Nf6 8. Bg5 Be7
9. b5 Nd4 10. Nxd4 cxd4 11. Bxf6 Qa5 12. Bxe7 Qxc3+ 13. Ke2 Kxe7 14. Qc1 Qxc1
15. Rxc1 fxe4 16. dxe4 Be6 17. Kd2 Rhc8 18. Bd3 a6 19. Rb1 Rc7 20. bxa6 Rxa6
21. Rb3 Ra7 22. Rhb1 Bd7 23. g3 Ba4 24. Rb4 Bc6 25. R4b3 Rc8 26. f4 g6 27. Ke2
Rca8 28. Ra1 Rf8 29. Rf1 Rfa8 30. Ra1 Ra5 31. Kf3 Rf8 32. h4 h6 33. Rh1 exf4
34. g4 Rfa8 35. Kxf4 g5+ 36. hxg5 hxg5+ 37. Kf3 Rxa3 38. Rhb1 Kf6 39. Ke2 Ke5
40. Rxb7 Bxb7 41. Rxb7 Ra2+ {#R} 0-1

[Event "Gibraltar Masters 2017"]
[Site "masterchessopen.com Caleta ENG"]
[Date "2017.01.30"]
[Round "7.63"]
[White "Tsolakidou,Stavroula"]
[Black "Pinho,P"]
[Result "1-0"]
[WhiteElo "2387"]
[BlackElo "2220"]

1. e4 c5 2. Nf3 e6 3. d4 cxd4 4. Nxd4 a6 5. c4 Nf6 6. Nc3 Qc7 7. Be2 d6 8. O-O
b6 9. f4 Bb7 10. Qd3 Nbd7 11. b4 g6 12. Be3 Bg7 13. Rac1 O-O 14. Rfd1 Rad8 15.
Nb3 Nb8 16. Bf3 Rfe8 17. Na4 Nbd7 18. Qxd6 Qxd6 19. Rxd6 Bf8 20. Rdd1 Bxb4 21.
Nxb6 Nxb6 22. Rxd8 Rxd8 23. Bxb6 Rc8 24. c5 Bxe4 25. Bxe4 {#r} 1-0

[Event "Gibraltar Masters 2017"]
[Site "masterchessopen.com Caleta ENG"]
[Date "2017.02.01"]
[Round "9.67"]
[White "Ladron de Guevara Pinto,P"]
[Black "Pinho,P"]
[Result "1-0"]
[WhiteElo "2386"]
[BlackElo "2220"]

1. e4 c5 2. Nf3 e6 3. d4 cxd4 4. Nxd4 a6 5. c4 Nf6 6. Nc3 Qc7 7. a3 b6 8. Be2
Bb7 9. f3 d6 10. Be3 Be7 11. O-O O-O 12. Qd2 Nbd7 13. Rfc1 Rac8 14. a4 Rfe8
15. a5 bxa5 16. Nb3 d5 17. cxd5 Bb4 18. Qd1 Qd8 19. dxe6 Rxe6 20. Qf1 Rec6 21.
Nd4 R6c7 22. Na4 Rxc1 23. Rxc1 Nc5 24. Nxc5 Rxc5 25. Ne6 Rxc1 26. Nxd8 Rxf1+
27. Bxf1 Bc8 28. Bc4 Kf8 29. Nxf7 Nd7 30. Ng5 {#r} 1-0

[Event "PRO League Atlantic 2017"]
[Site "masterchessopen.com chess.com INT"]
[Date "2017.02.01"]
[Round "4"]
[White "Dominguez Perez,L"]
[Black "Wang,Jason"]
[Result "1-0"]
[WhiteElo "2739"]
[BlackElo "2006"]

1. e4 c5 2. Nf3 e6 3. d4 cxd4 4. Nxd4 a6 5. c4 Nf6 6. Nc3 Bb4 7. Qd3 Nc6 8.
Nxc6 dxc6 9. Qxd8+ Kxd8 10. e5 Ne4 11. a3 Bxc3+ 12. bxc3 Nxc3 13. a4 Ne4 14.
Be3 f6 15. Bd3 Ng5 16. O-O-O Bd7 17. f4 Nf7 18. Rhe1 Kc8 19. Bb6 Re8 20. Bxh7
f5 21. Bg6 Rf8 22. Bxf7 Rxf7 23. a5 g6 24. Rd6 Rh7 25. Red1 {#r} 1-0

[Event "PRO League Atlantic 2017"]
[Site "masterchessopen.com chess.com INT"]
[Date "2017.02.01"]
[Round "4"]
[White "Zapata,Alo"]
[Black "Pichot,A"]
[Result "0-1"]
[WhiteElo "2418"]
[BlackElo "2548"]

1. e4 c5 2. Nf3 e6 3. d4 cxd4 4. Nxd4 a6 5. Nc3 Qc7 6. g3 Nf6 7. Bg2 Be7 8.
O-O O-O 9. f4 d6 10. Be3 Nc6 11. a4 Bd7 12. Nb3 b6 13. g4 Bc8 14. g5 Nd7 15.
Qg4 Re8 16. Rf3 Bf8 17. Rh3 g6 18. Qh4 h5 19. gxh6 Kh7 20. Nd2 Be7 21. Qg3 Nb4
22. Rc1 Bb7 23. Nf3 f5 24. exf5 exf5 25. Ng5+ Bxg5 26. Qxg5 Bxg2 27. Qxg2 Nf6
28. Bd4 Nh5 29. Rf1 Rac8 30. Nd5 Qc4 31. Nf6+ Nxf6 32. Bxf6 Nd5 33. Qg5 Ne3
34. Rc1 Ng4 35. Rg3 Qxc2 36. Rxc2 Re1+ {#R} 0-1

[Event "Gibraltar Masters 2017"]
[Site "masterchessopen.com Caleta ENG"]
[Date "2017.01.30"]
[Round "7.83"]
[White "Pourkashiyan,A"]
[Black "Whatley,Stephen A J"]
[Result "1-0"]
[WhiteElo "2303"]
[BlackElo "2127"]

1. e4 c5 2. Nf3 Nc6 3. d4 cxd4 4. Nxd4 Qc7 5. Nc3 e6 6. Be2 a6 7. O-O Nf6 8.
Be3 Bb4 9. Na4 O-O 10. c4 Be7 11. Nc3 d6 12. Rc1 Ne5 13. b3 Ng6 14. f3 Bd7 15.
Qd2 Ne8 16. Rfd1 Qd8 17. Bf1 h6 18. a4 Bf6 19. Nc2 Ne5 20. Kh1 Bc6 21. Bg1 Ng6
22. Be3 Be5 23. Ne2 Qe7 24. Nb4 Rd8 25. Bb6 Rd7 26. Nxc6 bxc6 27. f4 Rb7 28.
fxe5 Rxb6 29. exd6 Qd8 30. c5 Rxb3 31. Nd4 Ra3 32. Nxc6 Qd7 33. Nb8 Qd8 34. d7
Nf6 35. Nc6 Qxd7 36. Qxd7 Nxd7 37. Rxd7 Rxa4 38. Ne7+ Nxe7 39. Rxe7 Rc8 40. c6
Rxe4 41. c7 Kf8 42. Rd7 Ke8 43. Rcd1 Re1 44. Rd8+ Ke7 45. Rxe1 {#r} 1-0

[Event "Gibraltar Masters 2017"]
[Site "masterchessopen.com Caleta ENG"]
[Date "2017.01.31"]
[Round "8.28"]
[White "Libiszewski,F"]
[Black "Kantans,T"]
[Result "1-0"]
[WhiteElo "2545"]
[BlackElo "2456"]

1. e4 c5 2. Nc3 Nc6 3. Nf3 e6 4. d4 cxd4 5. Nxd4 Qc7 6. f4 a6 7. Nxc6 Qxc6 8.
Bd3 Nf6 9. Qe2 Bb4 10. Bd2 d5 11. e5 d4 12. Nb5 Bxd2+ 13. Kxd2 Nd5 14. Nd6+
Kf8 15. Qh5 Qc7 16. Raf1 Ne3 17. Rf3 h6 18. Kc1 Qe7 19. c3 Bd7 20. cxd4 Nxg2
21. Rg1 g6 22. Qg4 Nh4 23. Rh3 Nf5 24. Bxf5 exf5 25. Qg2 Rb8 26. Kb1 b5 27.
Rc3 Rb6 28. Rc7 Rxd6 29. Qb7 Be6 30. Qb8+ {#r} 1-0

[Event "Dutch League 2016-17"]
[Site "masterchessopen.com Netherlands NED"]
[Date "2017.02.04"]
[Round "6.5"]
[White "Admiraal,M"]
[Black "Van Dooren,D"]
[Result "1-0"]
[WhiteElo "2444"]
[BlackElo "2311"]

1. e4 c5 2. Nf3 e6 3. d4 cxd4 4. Nxd4 Nc6 5. Nc3 Qc7 6. Nxc6 bxc6 7. Bd3 Nf6
8. Qe2 e5 9. O-O Be7 10. f4 d6 11. Kh1 h5 12. fxe5 Ng4 13. h3 Nxe5 14. Bf4 Bf6
15. Nd1 a5 16. Ne3 Rb8 17. Bc4 Rxb2 18. Bxe5 Bxe5 19. Bxf7+ Kd8 20. Rad1 Qe7
21. Qd2 Rb5 22. Nc4 Kc7 23. Nxe5 Qxe5 24. Bc4 Rb4 25. Rf7+ Bd7 26. Qf2 Ra8 27.
Bd3 g6 28. Rf1 c5 29. a3 Rb7 30. Bc4 Qxe4 31. Bd3 Qe5 32. Bxg6 Rd8 33. Qd2 c4
34. Rd1 Qc5 35. Rh7 Qxa3 36. Rxh5 Bc6 37. Rh7+ Kb8 38. Rxb7+ Bxb7 39. c3 Qc5
40. Rb1 Ka7 41. Qf4 Rh8 42. Be4 Bxe4 43. Qxe4 Rb8 44. Qe7+ Ka8 45. Ra1 Rb3 46.
h4 Rxc3 47. Qf8+ {#r} 1-0

[Event "Gibraltar Masters 2017"]
[Site "masterchessopen.com Caleta ENG"]
[Date "2017.01.30"]
[Round "7.69"]
[White "Soumya,Sw"]
[Black "Smith,An"]
[Result "1-0"]
[WhiteElo "2375"]
[BlackElo "2152"]

1. e4 c5 2. Nf3 e6 3. d4 cxd4 4. Nxd4 Nc6 5. Nc3 Qc7 6. Be3 a6 7. Qd2 Nf6 8.
O-O-O Be7 9. f3 h5 10. Nxc6 bxc6 11. Bf4 e5 12. Bg5 a5 13. Na4 Ba6 14. Bxa6
Rxa6 15. Rhe1 Ra8 16. f4 d6 17. Bxf6 gxf6 18. Qf2 Rb8 19. a3 h4 20. Rd3 Bf8
21. Kb1 h3 22. gxh3 Rb7 23. fxe5 fxe5 24. Ree3 Be7 25. Qg2 Rh4 26. Rg3 Bf8 27.
Rg4 Rh8 28. c4 Qe7 29. Qd2 Qe6 30. Qxa5 Ke7 31. Nc5 Qxc4 32. Rc3 Qf1+ 33. Rc1
Qxh3 34. Nxb7 {#r} 1-0

[Event "Gibraltar Masters 2017"]
[Site "masterchessopen.com Caleta ENG"]
[Date "2017.02.01"]
[Round "9.69"]
[White "Herman,Ma"]
[Black "Smith,An"]
[Result "1-0"]
[WhiteElo "2383"]
[BlackElo "2152"]

1. e4 c5 2. Nf3 e6 3. d4 cxd4 4. Nxd4 Nc6 5. Nc3 Qc7 6. Be3 a6 7. Qd2 Nf6 8.
f3 Bb4 9. a3 Be7 10. g4 d6 11. g5 Nd7 12. h4 b5 13. h5 Bb7 14. Rh3 O-O 15. g6
Nxd4 16. Bxd4 e5 17. Be3 Rac8 18. O-O-O Nb6 19. Rg3 Nc4 20. Bxc4 Qxc4 21.
gxh7+ Kxh7 22. Rdg1 Rg8 23. Qg2 Bf6 24. Rg6 Kh8 25. h6 fxg6 26. Qxg6 Rge8 27.
hxg7+ Kg8 28. Qxf6 Qe6 29. Qh4 Qe7 30. Qh8+ Kf7 31. g8=Q+ Rxg8 32. Qh7+ {#r}
1-0

[Event "ITT Rosario 1 2017"]
[Site "masterchessopen.com Rosario ARG"]
[Date "2017.01.30"]
[Round "2.2"]
[White "Di Giannantonio,N"]
[Black "Munoz,Francisco Javier"]
[Result "1-0"]
[WhiteElo "2341"]
[BlackElo "2279"]

1. e4 c5 2. Nf3 e6 3. d4 cxd4 4. Nxd4 Nc6 5. Nc3 Qc7 6. Be3 a6 7. Bd3 Nf6 8.
O-O Nxd4 9. Bxd4 Bc5 10. Be2 d6 11. Qd3 e5 12. Bxc5 dxc5 13. a4 Be6 14. Rfd1
Rd8 15. Qxd8+ Qxd8 16. Rxd8+ Kxd8 17. a5 Kc7 18. f3 Rd8 19. Kf2 c4 20. Ke3 Kc6
21. Na4 Kb5 22. Nb6 Nd7 23. Rd1 Kc5 24. c3 g6 25. Nxc4 f6 26. b4+ Kc6 27. Rd6+
{#r} 1-0

[Event "PRO League Eastern 2017"]
[Site "masterchessopen.com chess.com INT"]
[Date "2017.02.01"]
[Round "4"]
[White "Balabaev,T"]
[Black "Vaibhav,S"]
[Result "0-1"]
[WhiteElo "2393"]
[BlackElo "2552"]

1. e4 c5 2. Nf3 e6 3. d4 cxd4 4. Nxd4 Nc6 5. Nc3 Qc7 6. Be3 a6 7. Qd2 Nf6 8.
O-O-O Bb4 9. f3 O-O 10. g4 b5 11. g5 Ne8 12. Nxc6 dxc6 13. Qf2 f6 14. h4 e5
15. Bc5 Bxc5 16. Qxc5 Be6 17. Be2 Rf7 18. Rhg1 Rc8 19. h5 Kh8 20. g6 Qa7 21.
Qa3 Re7 22. gxh7 a5 23. Nb1 b4 24. Qd3 Rd7 25. Qa6 Qe3+ 26. Nd2 Rxd2 27. Rxd2
Qxg1+ 28. Rd1 Qe3+ 29. Kb1 Nc7 30. Qd3 Qxd3 31. Rxd3 Bc4 32. Rd2 Bxe2 33. Rxe2
Rd8 34. Kc1 Nb5 35. Re3 Kxh7 36. a3 Kh6 37. axb4 axb4 38. Rb3 c5 {#R} 0-1

[Event "PRO League Pacific 2017"]
[Site "masterchessopen.com chess.com INT"]
[Date "2017.02.01"]
[Round "4"]
[White "Sheng,Joshua"]
[Black "Kavutskiy,K"]
[Result "1-0"]
[WhiteElo "2372"]
[BlackElo "2377"]

1. e4 c5 2. Nf3 e6 3. d4 cxd4 4. Nxd4 Nc6 5. Nc3 Qc7 6. Be3 a6 7. Qd2 Nf6 8.
O-O-O Be7 9. f3 b5 10. Nxc6 dxc6 11. g4 e5 12. Qf2 Nd7 13. h4 Rb8 14. g5 Nb6
15. Bc5 Be6 16. Bh3 b4 17. Bxb6 Rxb6 18. Na4 Rb5 19. Bxe6 fxe6 20. b3 O-O 21.
Rd3 Rbb8 22. Qg3 Rbd8 23. Rhd1 Rxd3 24. Rxd3 Rd8 25. Rxd8+ Bxd8 26. Nc5 Kf7
27. Nd3 Qa5 28. Nxe5+ Ke8 29. Nxc6 Qxa2 30. Qd6 Qa1+ 31. Kd2 Qc3+ 32. Kd1
Qxf3+ 33. Kc1 Qe3+ 34. Kb1 Qb6 35. Qxe6+ Kf8 36. Qd7 Qg1+ 37. Ka2 Bxg5 38.
hxg5 Qxg5 39. e5 h5 40. e6 {#r} 1-0

[Event "13th Moscow Open A 2017"]
[Site "masterchessopen.com Moscow RUS"]
[Date "2017.02.01"]
[Round "5.3"]
[White "Belyakov,B"]
[Black "Artemiev,V"]
[Result "0-1"]
[WhiteElo "2487"]
[BlackElo "2655"]

1. e4 c5 2. Nf3 d6 3. c3 Nf6 4. h3 g6 5. Bd3 Bg7 6. O-O O-O 7. Bc2 e5 8. d4
cxd4 9. cxd4 Nc6 10. Be3 d5 11. Nxe5 Nxe4 12. Nxc6 bxc6 13. Nd2 Nd6 14. Rc1
Qb6 15. Bb1 Re8 16. b3 Ba6 17. Re1 Bxd4 18. Bxd4 Qxd4 19. Rxc6 Rxe1+ 20. Qxe1
Re8 21. Qc1 Re2 22. Qc5 Qxc5 23. Rxc5 Rxd2 24. Rc6 Rd1+ 25. Kh2 Rxb1 26. Rxd6
Bb7 27. Rd7 Bc6 28. Rc7 Rc1 29. Rxa7 d4 30. Rc7 Kf8 31. b4 d3 {#R} 0-1